<?xml version="1.0" encoding="UTF-8"?>
<collection xmlns="http://www.loc.gov/MARC21/slim">
 <record>
  <leader>00661pamaa2200193   4500</leader>
  <controlfield tag="001">0000032072</controlfield>
  <controlfield tag="005">20080623090000.0</controlfield>
  <datafield tag="020" ind1="0" ind2="0">
   <subfield code="a">0782129218 </subfield>
  </datafield>
  <datafield tag="082" ind1=" " ind2=" ">
   <subfield code="a">005.44769 MOR</subfield>
  </datafield>
  <datafield tag="090" ind1="0" ind2="0">
   <subfield code="a">QA76.3 </subfield>
   <subfield code="b">MOR 2001</subfield>
  </datafield>
  <datafield tag="100" ind1="1" ind2="0">
   <subfield code="a">MORTENSEN </subfield>
  </datafield>
  <datafield tag="245" ind1="0" ind2="0">
   <subfield code="a">MCSE SQL server 2000 study guide (exam 70-228)  </subfield>
   <subfield code="c">Lance Mortensen,Rick Sawtell,Joseph L. Jorden.</subfield>
  </datafield>
  <datafield tag="260" ind1="0" ind2="0">
   <subfield code="a">San Francisco: </subfield>
   <subfield code="b">Sybex Inc., </subfield>
   <subfield code="c">2001.</subfield>
  </datafield>
  <datafield tag="300" ind1=" " ind2=" ">
   <subfield code="a">xlix, 714p.: </subfield>
   <subfield code="b">ill.; </subfield>
   <subfield code="c">24cm.</subfield>
  </datafield>
  <datafield tag="500" ind1="0" ind2="0">
   <subfield code="a">Include 1CD-ROM titled &quot; MCSE SQL server 2000 administration study guide&quot;</subfield>
  </datafield>
  <datafield tag="650" ind1="0" ind2="0">
   <subfield code="a">Operating systems (Computers) </subfield>
  </datafield>
  <datafield tag="650" ind1="0" ind2="0">
   <subfield code="a">Microsoft windows 2000 server </subfield>
  </datafield>
  <datafield tag="700" ind1="1" ind2="0">
   <subfield code="a">Sawtell, </subfield>
   <subfield code="h">Rick </subfield>
  </datafield>
  <datafield tag="700" ind1="1" ind2="0">
   <subfield code="a">Jorden, </subfield>
   <subfield code="h">Joseph L </subfield>
  </datafield>
 </record>
</collection>
